000 01027nam a22003137a 4500
003 CHAP
005 20220329134025.0
008 971013s1944 r 00010 d
010 _a14260
011 _a15232
035 _a19307
040 _cCHAP
082 _a333.8
_bG65
100 0 0 _aGonzález Reyna, Jenaro.
_949334
245 _aMinería y riqueza minera de México
260 _aMéxico, D.F. :
_bBanco de México,
_c1944
300 _a211 p
490 _aBanco de México. Monografías industriales
_v; 2
590 _aBATCH-UPD
_b10
_c20130110
_lUCH01
_h1746
590 _aBATCH-UPD
_b10
_c20130410
_lUCH01
_h1125
590 _aBATCH-UPD
_b10
_c20130914
_lUCH01
_h1819
590 _aCONVERSION
_b10
_c20130109
_lUCH01
_h1309
650 1 4 _aMinas y recursos minerales
_xMéxico.
_975914
830 0 _aBanco de México. Monografías industriales
_v; 2
_99837
901 _aBK
942 _cLIBRO
949 _a333.8 G65
_bBC
_cLIBRO
_d-44847
_eLIBRO
_i19307
_si
949 _a333.8 G65
_bBC
_cLIBRO
_d-44848
_eLIBRO
_fc.2
_i19307
_si
999 _c14260
_d14260